Sports Quiz

Random Sports or Football Quiz

Premier League Stadium Match Quiz Stats

 Plays Quiz Updated Apr 10, 2019

Score 0/20 Timer 05:00
12 Plays Today
% Correct
Arsenal
97%
Manchester United
96.3%
Liverpool
94.9%
Manchester City
94.9%
Chelsea
94.8%
Tottenham Hotspur
92.9%
Everton
90%
Newcastle United
87.9%
Southampton
80.7%
Cardiff City
80.4%
% Correct
Leicester
79.7%
West Ham United
79.1%
Burnley
76.9%
Wolves
76.6%
Crystal Palace
75.3%
Fulham
75.2%
Watford
74.5%
Bournemouth
66.2%
Huddersfield Town
60.8%
Brighton & Hove Albion
59.3%

You're not logged in!

Compare scores with friends on all Sporcle quizzes.
OR
Log In

Sporcle TV

Today on Sporcle TV


Watch our educational content, quiz creation guides, and fun videos on Sporcle TV.

Show Comments

Extras

Top Quizzes Today


Score Distribution

Your Account Isn't Verified!

In order to create a playlist on Sporcle, you need to verify the email address you used during registration. Go to your Sporcle Settings to finish the process.

Report this User

Report this user for behavior that violates our Community Guidelines.

Details: